| 000 | 03246cam a22003495i 4500 | ||
|---|---|---|---|
| 999 |
_c27784 _d27755 |
||
| 001 | 12230408 | ||
| 003 | EG-ScBUE | ||
| 005 | 20191121134505.0 | ||
| 008 | 001114s2001 nyua f b 101 0 eng d | ||
| 020 | _a9780415930598 (pbk.) | ||
| 040 |
_aDLC _beng _erda _cDLC _dDLC _dEG-ScBUE |
||
| 082 | 0 | 4 |
_a327.1 _bEVO _222 |
| 245 | 0 | 0 |
_aEvolutionary interpretations of world politics / _cedited by William R. Thompson. |
| 264 | 1 |
_aNew York ; _aAbingdon, Oxon : _bRoutledge / Taylor and Francis Group, _c2001. |
|
| 300 |
_avii, 352 pages : _billustrations ; _c24 cm |
||
| 336 |
_atext _btxt _2rdacontent |
||
| 337 |
_aunmediated _bn _2rdamedia |
||
| 338 |
_avolume _bnc _2rdacarrier |
||
| 500 | _aRev. versions of papers originally presented at conference held Dec. 1998, Indiana University, Bloomington, Ind. | ||
| 504 | _aIncludes bibliographical references and index. | ||
| 505 | 8 | _aMachine generated contents note: p a r t I: Central Paradigmatic Questions About Interpretation -- 1. Evolutionary World Politics: Problems of Scope and Method -- George Modelski -- 2. Evolutionary World Politics Enriched: The Biological Foundations -- of International Relations -- Vincent S. E. Falger -- 3. Obstacles to an Evolutionary Global Politics Research Program -- David P. Rapkin -- p a r t II: Bridges to Other Perspectives -- 4. Evolutionary Tendencies in Realist and Liberal IR Theory -- Jennifer Sterling-Folker -- 5. Diversity or Uniformity in the Modern World? -- Answers from Evolutionary Theory, Learning, -- and Social Adaptation -- Hendrik Spruyt -- 6. The Evolution of International Norms: -- Choice, Learning, Power, and Identity -- Stewart Patrick -- p a r t III: Applications to Conflict and Cooperation -- 7. Evolution in Domestic Politics and the Development of Rivalry: -- The Bolivia-Paraguay Case -- Paul R. Hensel -- 8. Expectancy Theory, Strategic Rivalry Deescalation, -- and the Evolution of the Sino-Soviet Case -- William R Thompson -- 9. Political Shocks and the Deescalation of Protracted Conflicts: -- The Israeli-Palestinian Case -- Karen A. Rasler -- p a r t I V: Applications to International Political Economy -- 10. Egalitarian Social Movements and New World Orders -- CraigN. Murphy -- 11. Technological Capacity as Fitness: An Evolutionary Model -- of Change in the International Political Economy -- Sangbae Kim andJeffley A. Hart -- 12. Continuity versus Evolutionary Shift: Global Financial Expansion -- and the State -- Brian M. Pollins -- About the Contributors -- Index. | |
| 520 | _aThe field of international relations is often stagnated in realism and liberalism. In this work, the contributors describe how states, ideologies and other areas of analysis evolve, conquer others, or disappear entirely. | ||
| 650 | 7 |
_aWorld politics _vCongresses. _2BUEsh |
|
| 650 | 7 |
_aInternational relations _xPhilosophy _vCongresses. _2BUEsh |
|
| 650 | 7 |
_aInternational cooperation _vCongresses. _2BUEsh _95894 |
|
| 653 |
_bMASPPSS _cNovember2019 |
||
| 655 | _vReading book | ||
| 700 | 1 |
_aThompson, William R. _eeditor. |
|
| 856 | 4 | 1 |
_3Table of contents only _uhttp://www.loc.gov/catdir/toc/fy022/00066485.html |
| 856 | 4 | 2 |
_3Publisher description _uhttp://www.loc.gov/catdir/enhancements/fy0651/00066485-d.html |
| 942 |
_2ddc _cBB |
||